Stone Heritage Development Ltd and others V Davis Blank Furniss (Record no. 79114)

MARC details
000 -LEADER
fixed length control field 01834cab a22001935a 4500
001 - CONTROL NUMBER
control field L139867
008 - FIXED-LENGTH DATA ELEMENTS--GENERAL INFORMATION
fixed length control field 070816e20070724xxk f w 000 0 eng d
035 ## - SYSTEM CONTROL NUMBER
System control number (Sirsi) u139867
041 0# - LANGUAGE CODE
Language code of text/sound track or separate title eng
245 00 - TITLE STATEMENT
Title Stone Heritage Development Ltd and others V Davis Blank Furniss
Medium [electronic resource]
260 ## - PUBLICATION, DISTRIBUTION, ETC.
Date of publication, distribution, etc. 2007
520 ## - SUMMARY, ETC.
Summary, etc. [2007] EWCA Civ 765, 24 July 2007. The appellant company (C) appealed against a decision that a loss they claimed was not caused by the negligence of their solicitors (D). A development agreement was made between C and the landowners (H). There was risk that the development would encroach onto adjacent local authority land, of which H was thought to have a possessory title. C instructed D that any problem would therefore be resolved by H's acquisition of this land. The local authority did complain of encroachment. H eventually acquired the land, and matters between C and H were concluded resulting in C's loss. C then made representation against D that they should have included a grant of rights between C and H that the development terms included any land that H might acquire. The judge accepted negligence on the part of D, but did not accept that this had caused C's loss. "Held": The conclusion of D's negligence had not been justified. D were not asked to advise on the commercial viability of the deal C negotiated with H. The limitations of C's instructions to D showed that D had not been in breach of their duty. Appeal dismissed.
590 ## - LOCAL NOTE (RLIN)
Local note KA
650 24 - SUBJECT ADDED ENTRY--TOPICAL TERM
Topical term or geographic name entry element STONE HERITAGE DEVELOPMENT LTD AND OTHERS V DAVIS BLANK FURNISS
651 #4 - SUBJECT ADDED ENTRY--GEOGRAPHIC NAME
Geographic name England and Wales
Chronological subdivision 1543-
690 ## - LOCAL SUBJECT ADDED ENTRY--TOPICAL TERM (OCLC, RLIN)
Topical term or geographic name as entry element MANAGEMENT-BUSINESS MANAGEMENT-PROFESSIONAL PRACTICE-NEGLIGENCE
856 40 - ELECTRONIC LOCATION AND ACCESS
Uniform Resource Identifier <a href="https://www.bailii.org/ew/cases/EWCA/Civ/2007/765.html">https://www.bailii.org/ew/cases/EWCA/Civ/2007/765.html</a>
Public note View the judgement free of charge at www.bailii.org...
942 ## - ADDED ENTRY ELEMENTS (KOHA)
Suppress in OPAC 0
Holdings
Withdrawn status Lost status Source of classification or shelving scheme Damaged status Not for loan Home library Current library Shelving location Date acquired Total Checkouts Full call number Barcode Date last seen Copy number Price effective from Koha item type
    Dewey Decimal Classification     Virtual Virtual Online 16/08/2007   ONLINE PUBLICATION 139867-1001 06/08/2019 1 06/08/2019 Law report